[Event "Avoine op 31st"]
[Site "Avoine"]
[Date "2016.07.29"]
[Round "7"]
[White "Kempinski, Andre"]
[Black "Ollier, Pablo"]
[Result "0-1"]
[WhiteElo "1919"]
[BlackElo "2362"]
[PlyCount "48"]
[EventDate "2016.07.23"]
[EventType "swiss"]
[EventRounds "9"]
[EventCountry "FRA"]
[SourceTitle "CBM 173 Extra"]
[Source "ChessBase"]
[SourceDate "2016.08.29"]
[SourceVersion "1"]
[SourceVersionDate "2016.08.29"]
[SourceQuality "1"]

1. e4 e5 2. Nf3 Nc6 3. Bb5 a6 4. Ba4 d6 5. c3 f5 6. d3 Nf6 7. Nbd2 Be7 8. b4 0-0 9. Bb3+ Kh8 10. Ng5 d5 11. h4 fxe4 12. dxe4 Ng4 13. Ndf3 dxe4 14. Qxd8 Nxd8 15. Nxe4 Bf5 16. Nfd2 a5 17. bxa5 Nc6 18. Ke2 Nxa5 19. Bc2 Nxf2 20. Nxf2 Bxc2 21. Bb2 Rf4 22. g3 Ra4 23. Rhc1 Bg6 24. c4 Nc6 0-1

[Event "Avoine op 28th"]
[Site "Avoine"]
[Date "2013.07.20"]
[Round "1"]
[White "Kempinski, Andre"]
[Black "Schroer, Marcel"]
[Result "0-1"]
[WhiteElo "1970"]
[BlackElo "2142"]
[PlyCount "58"]
[EventDate "2013.07.20"]
[EventType "swiss"]
[EventRounds "9"]
[EventCountry "FRA"]
[SourceTitle "CBM 155 Extra"]
[Source "ChessBase"]
[SourceDate "2013.08.26"]
[SourceVersion "1"]
[SourceVersionDate "2013.08.26"]
[SourceQuality "1"]

1. e4 c5 2. Nf3 d6 3. d4 cxd4 4. Nxd4 Nf6 5. Nc3 a6 6. Bc4 e6 7. Bb3 Nc6 8. f4 Be7 9. Be3 0-0 10. Qf3 Nxd4 11. Bxd4 b5 12. Bxf6 Bxf6 13. e5 Bh4+ 14. g3 Rb8 15. gxh4 Bb7 16. Ne4 Qxh4+ 17. Ke2 dxe5 18. Rhg1 exf4 19. Rg4 Qe7 20. Rag1 g6 21. Rxf4 Kh8 22. Qc3+ e5 23. Ng5 f6 24. Rxf6 Rxf6 25. Qe3 Rbf8 26. c3 Bc8 27. h4 Rf4 28. Be6 Bxe6 29. Qxe5+ Qf6 0-1

[Event "Avoine op 26th"]
[Site "Avoine"]
[Date "2011.07.24"]
[Round "2"]
[White "Kempinski, Andre"]
[Black "Godart, Francois"]
[Result "1/2-1/2"]
[WhiteElo "2057"]
[BlackElo "2253"]
[PlyCount "131"]
[EventDate "2011.07.23"]
[EventType "swiss"]
[EventRounds "9"]
[EventCountry "FRA"]
[SourceTitle "EXT 2012"]
[Source "ChessBase"]
[SourceDate "2011.11.24"]
[SourceVersion "1"]
[SourceVersionDate "2011.11.24"]
[SourceQuality "1"]

1. e4 e5 2. Nf3 Nc6 3. Bb5 f5 4. d3 fxe4 5. dxe4 Nf6 6. 0-0 Bc5 7. Bxc6 bxc6 8. Nxe5 0-0 9. Nc3 d6 10. Nd3 Bd4 11. Ne2 Bb6 12. Ng3 Ng4 13. Nf5 Bxf5 14. exf5 Nxh2 15. Kxh2 Qh4+ 16. Kg1 Rxf5 17. Nf4 g5 18. Qd3 Raf8 19. Qh3 Rxf4 20. Bxf4 Qxf4 21. Qf3 Qh4 22. g3 Qh3 23. Qg2 Qg4 24. Rae1 Rf3 25. Kh2 h5 26. Qh3 Bxf2 27. Qxg4 hxg4 28. Re2 Bxg3+ 29. Kg1 Rxf1+ 30. Kxf1 Be5 31. c3 Bf4 32. Re4 Kf7 33. Ke2 g3 34. Kf3 Kf6 35. Ra4 g2 36. Kxg2 Be3 37. Kf3 Bb6 38. Rc4 c5 39. b4 d5 40. Rg4 cxb4 41. Rxb4 c5 42. Rb5 Ke5 43. a4 Kd6 44. Kg4 d4 45. c4 Kc6 46. Kxg5 d3 47. Rb3 d2 48. Rd3 Ba5 49. Kf5 Bb4 50. Ke6 Kb6 51. Kd6 Ka5 52. Kc6 Kxa4 53. Kd6 a5 54. Kc6 Bc3 55. Kxc5 Kb3 56. Kb5 a4 57. c5 a3 58. c6 a2 59. c7 a1Q 60. c8Q Qa4+ 61. Kb6 Qa5+ 62. Kc6 Kc2 63. Rxd2+ Kxd2 64. Kd7 Kd3 65. Qc6 Qa7+ 66. Ke6 1/2-1/2

[Event "Donau op 18th"]
[Site "Aschach"]
[Date "2009.12.26"]
[Round "1"]
[White "Kempinski, Andre"]
[Black "Krejci, Jan1111"]
[Result "0-1"]
[WhiteElo "2086"]
[BlackElo "2458"]
[PlyCount "82"]
[EventDate "2009.12.26"]
[EventType "swiss"]
[EventRounds "7"]
[EventCountry "AUT"]
[SourceTitle "CBM 134 Extra"]
[Source "ChessBase"]
[SourceDate "2010.03.03"]
[SourceVersion "1"]
[SourceVersionDate "2010.03.03"]
[SourceQuality "1"]

1. e4 e5 2. Nf3 Nc6 3. Bb5 a6 4. Bxc6 dxc6 5. 0-0 Qd6 6. d4 exd4 7. Qxd4 Bg4 8. Qxd6 Bxd6 9. Nbd2 f6 10. e5 fxe5 11. Nxe5 Bxe5 12. Re1 0-0-0 13. Rxe5 Nf6 14. f3 Bh5 15. Nb3 Bg6 16. c3 Rd1+ 17. Kf2 Rf8 18. Bf4 Rxa1 19. Nxa1 Nd7 20. Bg3 Nxe5 21. Bxe5 Rd8 22. Ke1 Bf7 23. a3 Rd5 24. f4 Bh5 25. Nb3 Rd1+ 26. Kf2 Bf7 27. Nd4 Rd2+ 28. Kg3 g6 29. b4 Bd5 30. Nf3 Rd3 31. a4 Kd7 32. Kg4 Bxf3+ 33. gxf3 a5 34. bxa5 Rd5 35. Kg5 Rxa5 36. Kh6 Ke6 37. h4 Kf5 38. Kxh7 Rxa4 39. Kg7 c5 40. Bxc7 b5 41. Be5 b4 0-1

[Event "Avoine op 24th"]
[Site "Avoine"]
[Date "2009.07.20"]
[Round "3"]
[White "Kempinski, Andre"]
[Black "Hubert, Raphael"]
[Result "0-1"]
[WhiteElo "2118"]
[BlackElo "1945"]
[PlyCount "62"]
[EventDate "2009.07.18"]
[EventType "swiss"]
[EventRounds "9"]
[EventCountry "FRA"]
[SourceTitle "CBM 131 Extra"]
[Source "ChessBase"]
[SourceDate "2009.09.03"]
[SourceVersion "2"]
[SourceVersionDate "2009.09.16"]
[SourceQuality "1"]

1. e4 e5 2. Nf3 Nc6 3. Bb5 Bc5 4. c3 Nge7 5. 0-0 a6 6. Ba4 b5 7. Bb3 0-0 8. d4 Bd6 9. a4 Bb7 10. Na3 h6 11. Be3 Bxa3 12. bxa3 d6 13. Qd3 Na5 14. Bc2 Ng6 15. dxe5 dxe5 16. Rfb1 Qxd3 17. Bxd3 Rfd8 18. Bc2 Bc6 19. axb5 axb5 20. Nd2 Nf4 21. Kf1 Bb7 22. g3 Ne6 23. Ke2 Rd6 24. Nf3 f6 25. Nh4 Rc6 26. Bd2 Nc4 27. Bc1 Na5 28. Bd2 Nc4 29. Bc1 Na5 30. Bd3 Rxc3 31. Bd2 Nd4+ 0-1

[Event "Paris Department-ch"]
[Site "Paris"]
[Date "2003.??.??"]
[Round "4"]
[White "Kempinski, Andre"]
[Black "Maubert, Nicolas"]
[Result "1-0"]
[WhiteElo "2036"]
[BlackElo "1449"]
[PlyCount "55"]
[EventDate "2003.02.14"]
[EventType "swiss"]
[EventRounds "6"]
[EventCountry "FRA"]
[SourceTitle "EXT 2004"]
[Source "ChessBase"]
[SourceDate "2003.11.25"]
[SourceVersion "1"]
[SourceVersionDate "2003.11.25"]
[SourceQuality "1"]

1. e4 e6 2. d4 d5 3. Nc3 Nf6 4. Bg5 dxe4 5. Nxe4 Nbd7 6. Nf3 Be7 7. Bxf6 Nxf6 8. Bd3 0-0 9. c3 b6 10. Nxf6+ Bxf6 11. Be4 Rb8 12. Qe2 a5 13. h4 h6 14. g4 g6 15. 0-0-0 Bg7 16. Rdg1 Bb7 17. Bb1 Qd5 18. Rh3 Rfd8 19. h5 g5 20. Re1 c5 21. Qc2 cxd4 22. Qh7+ Kf8 23. Nxd4 e5 24. Be4 Qxa2 25. Nf5 Bxe4 26. Qxg7+ Ke8 27. Qxe5+ Kf8 28. Qh8# 1-0

[Event "Avoine op 17th"]
[Site "Avoine"]
[Date "2002.07.22"]
[Round "3"]
[White "Tetenkina, Irina"]
[Black "Kempinski, Andre"]
[Result "1-0"]
[WhiteElo "2221"]
[BlackElo "2074"]
[PlyCount "46"]
[EventDate "2002.07.20"]
[EventType "swiss"]
[EventRounds "9"]
[EventCountry "FRA"]
[SourceTitle "CBM 089 Extra"]
[Source "ChessBase"]
[SourceDate "2002.09.10"]
[SourceVersion "2"]
[SourceVersionDate "2002.09.10"]
[SourceQuality "1"]

1. Nf3 Nf6 2. c4 g6 3. Nc3 Bg7 4. g3 d6 5. d4 0-0 6. Bg2 Nc6 7. 0-0 a6 8. e4 Rb8 9. Qc2 e5 10. d5 Na5 11. Nd2 c5 12. a3 Bh6 13. b4 Bxd2 14. Bxd2 cxb4 15. axb4 Nxc4 16. Bg5 Nb6 17. f4 Nbd7 18. Kh1 Qb6 19. Na4 Qxb4 20. fxe5 Ng4 21. e6 fxe6 22. dxe6 Rxf1+ 23. Rxf1 Nde5 1-0

[Event "Avoine op 15th"]
[Site "Avoine"]
[Date "2000.07.24"]
[Round "3"]
[White "Farou, Fabrice"]
[Black "Kempinski, Andre"]
[Result "1-0"]
[WhiteElo "2024"]
[BlackElo "2191"]
[PlyCount "49"]
[EventDate "2000.07.03"]
[EventType "swiss"]
[EventRounds "9"]
[EventCountry "FRA"]
[SourceTitle "EXT 2001"]
[Source "ChessBase"]
[SourceDate "2000.11.22"]
[SourceVersion "1"]
[SourceVersionDate "2000.11.22"]
[SourceQuality "1"]

1. e4 c5 2. Nf3 d6 3. d4 cxd4 4. Nxd4 Nf6 5. Nc3 a6 6. Bg5 e6 7. f4 Qb6 8. Qd2 Qxb2 9. Rb1 Qa3 10. f5 Nc6 11. fxe6 fxe6 12. Nxc6 bxc6 13. e5 dxe5 14. Bxf6 gxf6 15. Ne4 Be7 16. Be2 0-0 17. Rb3 Qa4 18. c4 Ra7 19. 0-0 Bd8 20. Qh6 Rg7 21. Nxf6+ Bxf6 22. Rxf6 Rd8 23. Rbf3 Qb4 24. Rf7 Rxf7 25. Qg5+ 1-0